000 00756nam a22002057a 4500
010 _aA-739269
020 _a8122406939
_c400.00
035 _aA-739269
037 _bCen Lib / Ret
040 _aDPL
_bEN
082 _a301
_bRED
245 _aRedefining the good society :
_bFourth Indira Gandhi Conference, 19-23 November 1993 /
_cby ndira Gandhi Memorial Trust.
260 _aNew Delhi
_bWiley Eastern : New Age International,
_c1995
270 _aTrust 1, Akbar Road
_bNew Delhi
_e110032
300 _axxviii, 516p
_b24cm(Hb)
650 _aCivilization, Modern -- 20th century -- Congresses.
650 _aWorld politics -- 20th century -- Congresses.
650 _aSocial evolution -- Congresses.
942 _2ddc
_cEN
_h301
_mRED
999 _c136797
_d136797